Sacrifice: and other plays (Record no. 203429)

MARC details
000 -LEADER
fixed length control field 00354nam a2200145Ia 4500
008 - FIXED-LENGTH DATA ELEMENTS--GENERAL INFORMATION
fixed length control field 230917s9999||||xx |||||||||||||| ||und||
040 ## - CATALOGING SOURCE
-- 87396
Original cataloging agency VIVEKANANDA LIBRARY
041 ## - Language
-- English
082 ## - DDC NUMBER
Classification number 891.442 T129S
100 ## - MAIN ENTRY--PERSONAL NAME
Personal name Tagore, Rabindranath
245 #0 - TITLE STATEMENT
Title Sacrifice: and other plays
260 ## - PUBLICATION, DISTRIBUTION, ETC. (IMPRINT)
Place of publication, distribution, etc London
Name of publisher, distributor, etc Macmillan
Date of publication, distribution, etc 1917
300 ## - PHYSICAL DESCRIPTION
Pages 256 p.
942 ## - ADDED ENTRY ELEMENTS (KOHA)
Koha item type Books
Holdings
Withdrawn status Lost status Damaged status Not for loan Location (home branch) Sublocation or collection (holding branch) Shelving location Date acquired Koha issues (times borrowed) Koha full call number Accession No. Koha date last seen Koha item type
        VIVEKANANDA LIBRARY VIVEKANANDA LIBRARY Rare Books 17/04/2003   891.442 T129S 63566 17/09/2023 Books
© Designed and Maintained by Vivekananda Library, MDU Rohtak